Assassinations of the 21st century - Statistics

General Stats
  • This quiz has been taken 19 times
  • The average score is 7 of 13
Answer Stats
Year Hint Answer % Correct
2026 Supreme leader of Iran Ayatollah Ali Khamenei
84%
2025 Political commentator shot during an event at Utah Valley University Charlie Kirk
79%
2007 First female Prime Minister of Pakistan killed in a Al-Qaeda attack Benazir Bhutto
74%
2011 Long time dictator of Libya Muammar Gaddafi
74%
2022 Former Japanese Prime Minister Shinzo Abe
74%
2017 The half-brother of this dictator, killed by his order, in a airport in Malaysia Kim Jong Un
63%
2021 Assassination of the President of this nation plunged the country to even further chaos and violence Haiti
42%
2020 Killed in a American drone strike in Baghdad Qasem Soleimani
37%
2024 CEO of this healthcare company shot in New York City Unitedhealth
37%
2018 Journalist killed in Turkey at the alleged direct order from the Crown Prince of this nation Saudi Arabia
32%
2023 Private jet carrying this military commander shot down Yevgeny Prigozhin
26%
2001 Leader of the Afghan Northern Alliance Ahmed Shah Massoud
21%
2002 Angolan revolutionary featured in a minor role in Call of Duty: Black Ops II Jonas Savimbi
16%
No matching quizzes found
Score Distribution
Percent of People with Each Score
Percentile by Number Answered
Your Score History
You have not taken this quiz